| 000 | 00595nam a22001937a 4500 | ||
|---|---|---|---|
| 005 | 20140324120745.0 | ||
| 010 | _aENG-109613 | ||
| 020 |
_c290.00 _a9788189941819 |
||
| 035 | _aEN-93146 | ||
| 037 | _bDBAD/PUB | ||
| 100 | _aMeyyan, R.P. | ||
| 245 |
_aGenetics and evolution / _cby R.P. Meyyan [and] N. Arumugam |
||
| 260 |
_bSaras Publication _c2011 _aKanyakumari |
||
| 270 |
_bKanyakumari _e629002 _a114/35G, A. R. P. Camp Road, Periavilai, Kottar P. O., Nagercoil |
||
| 300 |
_avarious pages _c20cm(pbk) |
||
| 500 | _aIncludes index | ||
| 700 | _aArumugam, N. | ||
| 942 |
_2ddc _cEN _mMEY |
||
| 999 |
_c83152 _d83152 |
||